Perspektívy rozvoja zelenej logistiky v podniku diplomová práca

Gespeichert in:
Bibliographische Detailangaben
1. Verfasser: Šišková, Lucia
Körperschaft: Fakulta podnikového manažmentu EU. Katedra manažmentu výroby a logistiky - zrušená
Weitere Verfasser: Lichnerová, Linda
Format: Buch
Sprache:Slowakisch
Veröffentlicht: Bratislava 2011
Tags: Tag hinzufügen
Keine Tags, Fügen Sie das erste Tag hinzu!

MARC

LEADER 00000nbm a2200000 4500
001 0131620
005 20161109101719.8
041 0 |a slo 
044 |a SK 
245 1 0 |a Perspektívy rozvoja zelenej logistiky v podniku  |b diplomová práca  |c Lucia Šišková ; školiteľ: Linda Lichnerová 
264 1 |a Bratislava  |c 2011 
300 |a 91 s. 
100 1 |a Šišková, Lucia 
700 1 |a Lichnerová, Linda 
710 2 |a Fakulta podnikového manažmentu EU. Katedra manažmentu výroby a logistiky - zrušená